Central Library OPAC University of Rajshahi

Wives for sale : (Record no. 34933)

MARC details
000 -LEADER
fixed length control field 00904nam a2200277 a 4500
001 - CONTROL NUMBER
control field 34933
003 - CONTROL NUMBER IDENTIFIER
rucl marc code BD-RjUL
005 - DATE AND TIME OF LATEST TRANSACTION
control field 20211209052232.0
008 - FIXED-LENGTH DATA ELEMENTS--GENERAL INFORMATION
fixed length control field 140520s1981 nyu b 001 0 eng d
020 ## - INTERNATIONAL STANDARD BOOK NUMBER
International Standard Book Number 0312886292
035 ## - SYSTEM CONTROL NUMBER
System control number (BD-RjUL)35027
040 ## - CATALOGING SOURCE
Original cataloging agency DLC
Transcribing agency DLC
Modifying agency DLC
-- BD-RjUL
Language of cataloging eng
041 ## - LANGUAGE CODE
Language code of text/sound track or separate title eng
082 00 - DEWEY DECIMAL CLASSIFICATION NUMBER
Classification number 306.890941
Edition number 19
Author mark and year MEW 1981
100 1# - MAIN ENTRY--PERSONAL NAME
Personal name Menefee, Samuel Pyeatt.
9 (RLIN) 106338
245 10 - TITLE STATEMENT
Title Wives for sale :
Remainder of title an ethnographic study of British popular divorce /
Statement of responsibility, etc. Samuel Pyeatt Menefee.
260 ## - PUBLICATION, DISTRIBUTION, ETC. (IMPRINT)
Place of publication, distribution, etc. New York :
Name of publisher, distributor, etc. St. Martin's Press,
Date of publication, distribution, etc. 1981.
300 ## - PHYSICAL DESCRIPTION
Pagination ix, 336 p. ;
Size 24 cm.
504 ## - BIBLIOGRAPHY, ETC. NOTE
Bibliography, etc Bibliography: p. 320-332. and Index
650 #0 - SUBJECT ADDED ENTRY--TOPICAL TERM
Topical term or geographic name as entry element Divorce
Geographic subdivision Great Britain
General subdivision History.
9 (RLIN) 106339
Topical term or geographic name as entry element Women
Geographic subdivision Great Britain
General subdivision Social conditions.
9 (RLIN) 42682
Topical term or geographic name as entry element Families
Geographic subdivision Great Britain
General subdivision History.
9 (RLIN) 106340
942 ## - ADDED ENTRY ELEMENTS (KOHA)
Source of classification or shelving scheme Dewey Decimal Classification
Koha item type Books
Holdings
Lost status Source of classification or shelving scheme Damaged status Not for loan Collection code Permanent Location Current Location Shelving location Date acquired Source of acquisition Cost, normal purchase price Total Checkouts Full call number Date last seen Copy number Koha item type
  Dewey Decimal Classification   Not For Loan Non-fiction Central Library, University of Rajshahi Central Library, University of Rajshahi Reading Room 03/09/1988 Asia foundation 0.00   306.890941 MEW 1981 20/05/2014 C-1 Books